Detalles MARC
| 000 -LIDER |
| fixed length control field |
01057nam a22002417a 4500 |
| 003 - IDENTIFICACDOR DE NÚMERO DE CONTROL |
| control field |
DO-SdBNP |
| 005 - DATE AND TIME OF LATEST TRANSACTION |
| control field |
20220621132111.0 |
| 008 - ELEMENTOS DE LONGITUD FIJA |
| fixed length control field |
161031b 2008 fr ac 00| 0 spa d |
| 020 ## - ISBN |
| International Standard Book Number |
9782733810576 |
| 040 ## - FUENTE DE CATALOGACIÓN |
| Agencia que crea de manera original el registro |
BPMSU |
| Idioma de catalogación |
spa |
| Agencia que realiza la transcripción |
BPMSU |
| 082 ## - NÚMERO DE CLASIFICACIÓN DECIMAL DE DEWEY |
| Classification number |
R616.047 |
| Item number |
G943s 2008 |
| Edition number |
22 |
| 245 00 - MENCIÓN DE TITULO |
| Título |
Guía de los síntomas : |
| Subtítulo |
causas y tratamientos / |
| Mención de responsabilidad |
redacción Philippe Auzou ... [et al] ; ilustración Dominique Guéveneux. |
| 260 ## - PUBLICACIÓN, DISTRIBUCIÓN, ETC. (PIE DE IMPRENTA) |
| Lugar de publicación, distribución, etc |
Paris, Francia : |
| Nombre del editor, distribuidor, etc. |
Lexus Editores, |
| Fecha de publicación, distribución, etc |
2008. |
| 300 ## - DESCRIPCIÓN FÍSICA |
| Extensión |
370 p. : |
| Otros detalles físicos |
il., retr.; |
| Dimensiones |
30 cm. |
| 505 1# - NOTA DE CONTENIDO |
| Título |
Síntomas relacionados con la cabeza y el cuello -- |
| -- |
Síntomas de origen torácico -- |
| -- |
Síntomas de origen abdominal -- |
| -- |
Síntomas de la piel, del cabello, de las uñas -- |
| -- |
Síntomas de enfermedades generales -- |
| -- |
Síntomas de orden sexual -- |
| 590 ## - NOTA LOCAL |
| Enlace |
Inventariado, 2022/VM |
| 650 #4 - ENCABEZAMIENTO DE MATERIA--TEMÁTICO |
| Término temático o nombre geográfico como elemento de entrada |
Enfermedades |
| Subdivisión temática general |
Diagnóstico. |
| Subdivisión de forma |
Guías |
| 650 #4 - ENCABEZAMIENTO DE MATERIA--TEMÁTICO |
| Término temático o nombre geográfico como elemento de entrada |
Enfermedades |
| Subdivisión temática general |
Tratamiento. |
| Subdivisión de forma |
Guías |
| 700 1# - ASIENTO SECUNDARIO -- NOMBRE PERSONAL |
| Nombre personal |
Cunha, Alain da |
| Mención de responsabilidad |
director |
| 700 1# - ASIENTO SECUNDARIO -- NOMBRE PERSONAL |
| Nombre personal |
Guéveneux, Dominique |
| Mención de responsabilidad |
ilustración |
| 910 ## - VALIDACIÓN |
| Validación |
VMateo V |
| 942 ## - ADDED ENTRY ELEMENTS (KOHA) |
| Source of classification or shelving scheme |
Dewey Decimal Classification |
| Koha item type |
Libros |